[Event "Ceske sachove vanoce 2013"]
[Site "Litomysl"]
[Date "2013.12.31"]
[Round "7.1"]
[White "Kislinsky, Alexey"]
[Black "Gazik, Igor"]
[Result "1-0"]
[WhiteElo "2504"]
[BlackElo "2321"]
[PlyCount "91"]
[EventDate "2013.??.??"]

1. e4 Nf6 2. e5 Nd5 3. c4 Nb6 4. c5 Nd5 5. Bc4 e6 6. d4 d6 7. cxd6 cxd6 8. Qe2
dxe5 9. dxe5 Be7 10. Nf3 b6 11. O-O Bb7 12. Bd2 O-O 13. Nc3 Nxc3 14. Bxc3 Nd7
15. Rac1 Rc8 16. Nd2 Nc5 17. b3 a6 18. Qe3 Qd7 19. Be2 Rfd8 20. Nc4 Qc6 21. Bf3
Qc7 22. Nd6 Bxd6 23. exd6 Qxd6 24. b4 Qd3 25. bxc5 Bxf3 26. gxf3 Rxc5 27. Rcd1
Qg6+ 28. Kh1 Rxd1 29. Rxd1 h6 30. Rg1 Rg5 31. Rxg5 hxg5 32. Qe4 Kh7 33. Kg2 Kh6
34. Qa8 Kh7 35. Qe4 Kh6 36. h3 Qxe4 37. fxe4 f5 38. f3 g6 39. Kg3 Kh5 40. Bd2
b5 41. a3 f4+ 42. Kg2 Kh6 43. Kf1 Kh5 44. Be1 Kh6 45. Ke2 Kg7 46. Bc3+ 1-0

[Event "Ceske sachove vanoce 2013"]
[Site "Litomysl"]
[Date "2013.12.31"]
[Round "7.2"]
[White "Cerveny, Martin"]
[Black "Plat, Vojtech"]
[Result "0-1"]
[WhiteElo "2334"]
[BlackElo "2470"]
[PlyCount "156"]
[EventDate "2013.??.??"]

1. d4 d6 2. c4 e5 3. Nf3 e4 4. Ng5 f5 5. Nc3 Nf6 6. f3 Be7 7. g3 d5 8. cxd5
exf3 9. Nxf3 Nbd7 10. Bg2 Nb6 11. Ne5 O-O 12. Qb3 Bd6 13. O-O Qe7 14. Bg5 Kh8
15. e4 Bxe5 16. dxe5 Qxe5 17. Rae1 fxe4 18. Qb4 Bf5 19. Bf4 Qe8 20. Qc5 Qh5 21.
Bxc7 Nbd7 22. Qd4 Bh3 23. Rf4 Bxg2 24. Kxg2 Rac8 25. Bd6 Rfe8 26. h3 Qg6 27.
Ba3 Ne5 28. Ref1 e3 29. Rf5 Rxc3 30. Rxe5 Rc2+ 31. Kh1 e2 32. Rxe8+ Qxe8 33.
Re1 Qd7 34. Kg2 Nxd5 35. Qe5 Nf6 36. Rxe2 Qc6+ 37. Kh2 h6 38. Rxc2 Qxc2+ 39.
Kg1 Ne4 40. Qf4 Ng5 41. Qf8+ Kh7 42. h4 Nh3+ 43. Kh1 Nf2+ 44. Kg1 Nh3+ 45. Kh1
Nf2+ 46. Kg1 Ng4 47. Qf3 Ne5 48. Qe3 Nc4 49. Qxa7 Qd1+ 50. Kf2 Ne5 51. g4 Nd3+
52. Kg3 Qe1+ 53. Kf3 Ne5+ 54. Kg2 Qe4+ 55. Kf1 Nxg4 56. Qc5 Ne5 57. Qf2 Ng6 58.
Bc5 Qb1+ 59. Ke2 Qxb2+ 60. Kd3 Qb1+ 61. Kc4 Qe4+ 62. Kb5 Ne5 63. Qd4 Qe2+ 64.
Kb6 Qa6+ 65. Kc7 Qc6+ 66. Kd8 Qf6+ 67. Kc7 Qc6+ 68. Kd8 Nf7+ 69. Ke7 Qc7+ 70.
Ke6 Nd8+ 71. Kd5 Qc6+ 72. Ke5 Qf6+ 73. Ke4 Ne6 74. Qxf6 Nxc5+ 75. Kd5 gxf6 76.
Kxc5 Kg6 77. a4 f5 78. a5 f4 0-1

[Event "Ceske sachove vanoce 2013"]
[Site "Litomysl"]
[Date "2013.12.31"]
[Round "7.3"]
[White "Petenyi, Tamas"]
[Black "Jasny, Stanislav"]
[Result "1-0"]
[WhiteElo "2469"]
[BlackElo "2320"]
[PlyCount "87"]
[EventDate "2013.??.??"]

1. e4 c5 2. Nf3 e6 3. d4 cxd4 4. Nxd4 Nf6 5. Nc3 Nc6 6. Nxc6 bxc6 7. e5 Nd5 8.
Ne4 Qc7 9. f4 Qb6 10. c4 Bb4+ 11. Ke2 f5 12. exf6 Nxf6 13. Be3 Qd8 14. Nd6+
Bxd6 15. Qxd6 Bb7 16. Kd3 c5 17. Kc2 Rc8 18. Bd3 Rc6 19. Qe5 O-O 20. h3 d5 21.
Rad1 Nd7 22. Qh5 Nf6 23. Qe2 Qa5 24. Kb1 Ba6 25. f5 Ne4 26. Bxe4 dxe4 27. fxe6
Rxe6 28. Rhf1 Rxf1 29. Qxf1 Rf6 30. Qe2 Bb7 31. Qh5 Bc6 32. Qe5 h6 33. g4 Qb4
34. g5 hxg5 35. Bxg5 Rf2 36. Rd8+ Kf7 37. Bc1 Qxc4 38. Qc7+ Kg6 39. Qg3+ Kh7
40. Qxf2 e3 41. Qf5+ g6 42. Rd7+ Bxd7 43. Qxd7+ Kg8 44. Qe8+ 1-0

[Event "Ceske sachove vanoce 2013"]
[Site "Litomysl"]
[Date "2013.12.31"]
[Round "7.6"]
[White "Balacek, Tadeas"]
[Black "Kulhanek, Tomas"]
[Result "1/2-1/2"]
[WhiteElo "2210"]
[BlackElo "2345"]
[PlyCount "56"]
[EventDate "2013.??.??"]

1. d4 d6 2. Nf3 Bg4 3. c4 Nd7 4. Qb3 Rb8 5. h3 Bxf3 6. Qxf3 g6 7. Nc3 Bg7 8.
Qd3 e5 9. d5 f5 10. e4 Nc5 11. Qc2 Nxe4 12. Nxe4 fxe4 13. Qa4+ Kf7 14. Qxa7 Nf6
15. Be2 Rf8 16. O-O Kg8 17. Qa4 h6 18. Be3 Kh7 19. Rfd1 h5 20. c5 Bh6 21. Qb3
Bxe3 22. Qxe3 dxc5 23. Qxc5 Qd6 24. Rac1 Rf7 25. a4 Rbf8 26. Qxd6 cxd6 27. Bb5
g5 28. g3 g4 1/2-1/2

[Event "Ceske sachove vanoce 2013"]
[Site "Litomysl"]
[Date "2013.12.31"]
[Round "7.8"]
[White "Mueller, Fabian"]
[Black "Cip, Dalibor"]
[Result "1/2-1/2"]
[WhiteElo "2356"]
[BlackElo "2110"]
[PlyCount "117"]
[EventDate "2013.??.??"]

1. e4 c5 2. Nf3 d6 3. d4 Nf6 4. Nc3 cxd4 5. Nxd4 a6 6. Be3 e5 7. Nb3 Be7 8. f3
Be6 9. Qd2 h5 10. Nd5 Bxd5 11. exd5 Nbd7 12. c4 Qc7 13. Be2 a5 14. Rc1 a4 15.
Na1 Nc5 16. Nc2 Qa5 17. Qxa5 Rxa5 18. Na3 O-O 19. Nb5 Nfd7 20. O-O g6 21. f4
exf4 22. Bxf4 Ra6 23. Rf3 Ne4 24. Bd3 Ndc5 25. Bxe4 Nxe4 26. Re1 f5 27. Nc3 Bh4
28. Re2 Nxc3 29. Rxc3 Bf6 30. Rg3 Kf7 31. Re6 h4 32. Rd3 Rd8 33. b3 axb3 34.
axb3 g5 35. Bd2 Ra1+ 36. Kf2 Ra2 37. Kf3 Be5 38. c5 g4+ 39. Ke2 Bxh2 40. Rh6
Bf4 41. Rxh4 Bxd2 42. Rxd2 Rxd2+ 43. Kxd2 dxc5 44. Rh7+ Kf6 45. Rxb7 Rxd5+ 46.
Ke3 Rd4 47. Rc7 f4+ 48. Ke2 Rd5 49. Rc8 Re5+ 50. Kf2 Kf5 51. Rf8+ Ke4 52. Rf7
g3+ 53. Ke2 Rf5 54. Rd7 Re5 55. Rf7 Rf5 56. Rd7 Rd5 57. Rf7 Re5 58. Rf8 Rf5 59.
Rd8 1/2-1/2

[Event "Ceske sachove vanoce 2013"]
[Site "Litomysl"]
[Date "2014.01.01"]
[Round "8.1"]
[White "Plat, Vojtech"]
[Black "Kislinsky, Alexey"]
[Result "1-0"]
[WhiteElo "2470"]
[BlackElo "2504"]
[PlyCount "77"]
[EventDate "2014.??.??"]

1. b3 Nf6 2. Bb2 g6 3. e4 d6 4. g3 Bg7 5. Bg2 c5 6. Ne2 Nc6 7. O-O e5 8. c3 O-O
9. d4 Qe7 10. Nd2 Bg4 11. dxc5 dxc5 12. Nc4 Rad8 13. Qc2 Qe6 14. f4 exf4 15.
Nxf4 Qc8 16. Rae1 Be6 17. e5 Ne8 18. Nxe6 Qxe6 19. Qe4 Nc7 20. Nd6 Nxe5 21.
Nxb7 Rd2 22. Bc1 f5 23. Nxc5 Qd6 24. Qb4 Rxa2 25. Rd1 Rxg2+ 26. Kxg2 Qc6+ 27.
Kh3 h6 28. Nd3 Nf7 29. Qc4 Qb7 30. Nc5 Qa8 31. Rd7 Ne8 32. Ne6 Ned6 33. Qd3 g5
34. Rxf5 g4+ 35. Kxg4 Nxf5 36. Bf4 h5+ 37. Kh3 Qh1 38. Nxf8 Bf6 39. Qc4 1-0

[Event "Ceske sachove vanoce 2013"]
[Site "Litomysl"]
[Date "2014.01.01"]
[Round "8.2"]
[White "Chojnacki, Krzysztof"]
[Black "Petenyi, Tamas"]
[Result "1/2-1/2"]
[WhiteElo "2405"]
[BlackElo "2469"]
[PlyCount "65"]
[EventDate "2014.??.??"]

1. d4 Nf6 2. c4 e6 3. Nc3 Bb4 4. f3 c5 5. d5 d6 6. e4 exd5 7. cxd5 O-O 8. Bd3
b5 9. Be3 Nbd7 10. Nge2 a6 11. O-O Re8 12. Bf2 Ne5 13. a3 Ba5 14. Bc2 Bd7 15.
h3 Rc8 16. Nf4 Nc4 17. Bb3 Nxb2 18. Qc2 c4 19. Qxb2 cxb3 20. Rac1 Rc4 21. Qxb3
Qe7 22. Na2 Rec8 23. Rxc4 Rxc4 24. Nb4 Bxb4 25. axb4 Qe5 26. Qe3 h6 27. Rb1 Rc2
28. Nd3 Qc3 29. Ne1 Qxe3 30. Bxe3 Rc4 31. Kf2 Ne8 32. g4 h5 33. Ke2 1/2-1/2

[Event "Ceske sachove vanoce 2013"]
[Site "Litomysl"]
[Date "2014.01.01"]
[Round "8.5"]
[White "Gazik, Igor"]
[Black "Balacek, Tadeas"]
[Result "1/2-1/2"]
[WhiteElo "2321"]
[BlackElo "2210"]
[PlyCount "67"]
[EventDate "2014.??.??"]

1. b3 d5 2. Bb2 Bg4 3. g3 c6 4. Bg2 Nd7 5. f4 e6 6. d3 Ngf6 7. h3 Bh5 8. g4 Bg6
9. e3 Qb6 10. Qf3 Bc5 11. Kf2 O-O-O 12. Ne2 h5 13. Bd4 Bxd4 14. exd4 hxg4 15.
hxg4 Rxh1 16. Bxh1 c5 17. Qg3 cxd4 18. Nd2 Rh8 19. Bf3 Ne4+ 20. dxe4 d3+ 21.
Kg2 dxe4 22. Nxe4 Bxe4 23. Bxe4 dxe2 24. Re1 Qb4 25. Rxe2 Nf6 26. Bf3 Rd8 27.
c4 Rd2 28. Qe1 Rxe2+ 29. Qxe2 Qc3 30. Kg3 Nd7 31. Qf2 Kb8 32. Kh2 a5 33. Bg2 e5
34. Qg3 1/2-1/2

[Event "Ceske sachove vanoce 2013"]
[Site "Litomysl"]
[Date "2014.01.01"]
[Round "8.6"]
[White "Seidl, Stepan"]
[Black "Mueller, Fabian"]
[Result "1/2-1/2"]
[WhiteElo "2178"]
[BlackElo "2356"]
[PlyCount "135"]
[EventDate "2014.??.??"]

1. e4 c6 2. Nc3 d5 3. Nf3 Bg4 4. h3 Bxf3 5. Qxf3 e6 6. d4 Nf6 7. Bd3 Bb4 8. e5
Nfd7 9. Qg4 Bf8 10. f4 g6 11. O-O h5 12. Qg3 Qe7 13. a4 Nb6 14. a5 Nc8 15. b4
Qd7 16. Na4 Ne7 17. Nc5 Nf5 18. Qf2 Bxc5 19. bxc5 h4 20. Bd2 a6 21. Rfb1 Qc7
22. Rb3 Nd7 23. Rab1 O-O-O 24. Qf1 Nb8 25. Rb4 Ng3 26. Qc1 Rd7 27. Be1 Nf5 28.
Bf2 Rh7 29. Rb6 f6 30. Qe1 fxe5 31. dxe5 Qd8 32. Qf1 Rc7 33. c3 Qe7 34. Qe1 Rf7
35. R6b4 Qf8 36. Kh2 Qh6 37. Bxf5 Rxf5 38. Bxh4 Rxf4 39. Qg3 Rf5 40. Rg4 Rg7
41. Bf6 Rg8 42. Rgb4 Qh7 43. Rh4 Rh5 44. Qg4 Qf7 45. c4 Rxh4 46. Qxh4 g5 47.
Qg4 dxc4 48. Qxc4 g4 49. Rb3 Nd7 50. Rg3 gxh3 51. Rxg8+ Qxg8 52. gxh3 Qf7 53.
Qh4 Qf8 54. Be7 Qg7 55. Bf6 Qg8 56. Qd4 Qg6 57. h4 Qf5 58. Kg3 Qg6+ 59. Kh3 Qh5
60. Kg3 Qf5 61. Qg4 Qd3+ 62. Qf3 Qg6+ 63. Qg4 Qd3+ 64. Kh2 Qd2+ 65. Qg2 Qf4+
66. Qg3 Qd2+ 67. Qg2 Qf4+ 68. Qg3 1/2-1/2

[Event "Ceske sachove vanoce 2013"]
[Site "Litomysl"]
[Date "2014.01.01"]
[Round "8.7"]
[White "Cerveny, Martin"]
[Black "Gazikova, Veronika"]
[Result "1-0"]
[WhiteElo "2334"]
[BlackElo "2124"]
[PlyCount "67"]
[EventDate "2014.??.??"]

1. c4 Nf6 2. Nc3 g6 3. d4 d5 4. cxd5 Nxd5 5. e4 Nxc3 6. bxc3 Bg7 7. Nf3 c5 8.
Rb1 O-O 9. Be2 b6 10. O-O Bb7 11. Qd3 Ba6 12. Qe3 Qd7 13. Rb3 Bxe2 14. Qxe2
cxd4 15. cxd4 Nc6 16. d5 Na5 17. Rd3 Rac8 18. Bg5 h6 19. Bh4 Rc4 20. Bg3 Qa4
21. e5 Rc2 22. Rd2 Rfc8 23. e6 f5 24. d6 exd6 25. e7 R2c4 26. Qe6+ Kh7 27. Ne5
Bxe5 28. Bxe5 Qe8 29. Qf6 Qg8 30. Rxd6 Re8 31. Rd8 Rc8 32. Rfd1 Nc4 33. Rxc8
Rxc8 34. e8=Q 1-0

[Event "Ceske sachove vanoce 2013"]
[Site "Litomysl"]
[Date "2014.01.01"]
[Round "8.8"]
[White "Korpalski, Robert"]
[Black "Jasny, Stanislav"]
[Result "0-1"]
[WhiteElo "2134"]
[BlackElo "2320"]
[PlyCount "74"]
[EventDate "2014.??.??"]

1. e4 c5 2. Nf3 e6 3. d4 cxd4 4. Nxd4 Nf6 5. Nc3 d6 6. Be3 Be7 7. f3 O-O 8. Qd2
e5 9. Nb3 Be6 10. O-O-O a5 11. a4 Nc6 12. Qf2 Qb8 13. g4 Nb4 14. g5 Nh5 15. Nd5
Nxd5 16. exd5 Bd7 17. Qh4 g6 18. Nd2 b5 19. Ne4 bxa4 20. Nf6+ Bxf6 21. gxf6 Qb4
22. Bg5 Rfb8 23. Bd3 Qxb2+ 24. Kd2 Qb4+ 25. Ke2 Qxh4 26. Bxh4 h6 27. Rhg1 Kf8
28. Kd2 g5 29. Rxg5 hxg5 30. Bxg5 Ke8 31. f4 Nxf4 32. Bxf4 exf4 33. Re1+ Kd8
34. Re7 a3 35. Bc4 Kc7 36. Rxf7 Rf8 37. Rg7 Rxf6 0-1

[Event "Ceske sachove vanoce 2013"]
[Site "Litomysl"]
[Date "2014.01.01"]
[Round "8.9"]
[White "Ptacek, Lubos"]
[Black "Cerveny, Petr"]
[Result "1/2-1/2"]
[WhiteElo "2092"]
[BlackElo "2292"]
[PlyCount "83"]
[EventDate "2014.??.??"]

1. e4 c5 2. Nf3 a6 3. a4 e6 4. d4 cxd4 5. Nxd4 Nf6 6. Bd3 Nc6 7. Nxc6 bxc6 8.
O-O d5 9. exd5 cxd5 10. Qe2 Be7 11. Nd2 O-O 12. Nf3 Nd7 13. c3 Bf6 14. Bf4 a5
15. Rfe1 Qb6 16. Bb5 Ba6 17. Be3 Bxb5 18. axb5 Qb7 19. Bd4 e5 20. Be3 Rfb8 21.
Qd2 Qxb5 22. Red1 d4 23. cxd4 e4 24. Ng5 Bxg5 25. Bxg5 Qxb2 26. Rxa5 Rxa5 27.
Qxa5 Qxd4 28. Qd8+ Rxd8 29. Rxd4 f6 30. Bf4 Ra8 31. g3 Nc5 32. Rc4 Nd3 33. Rxe4
h5 34. h4 Ra1+ 35. Kg2 Ne1+ 36. Kf1 Nd3+ 37. Kg2 Kf7 38. Bd2 Ra2 39. Be3 Ra1
40. Bd2 Ra2 41. Be3 Ra1 42. Bd2 1/2-1/2

[Event "Ceske sachove vanoce 2013"]
[Site "Litomysl"]
[Date "2014.01.02"]
[Round "9.1"]
[White "Kislinsky, Alexey"]
[Black "Chojnacki, Krzysztof"]
[Result "1-0"]
[WhiteElo "2504"]
[BlackElo "2405"]
[PlyCount "61"]
[EventDate "2014.??.??"]

1. e4 g6 2. d4 Bg7 3. Nc3 c6 4. h3 Nf6 5. Nf3 d6 6. Be3 O-O 7. Bd3 Nbd7 8. Qd2
e5 9. dxe5 Nxe5 10. O-O-O Nxf3 11. gxf3 Be6 12. Bh6 Qa5 13. h4 Bxh6 14. Qxh6
Qh5 15. Qe3 Qc5 16. Qd2 Rfd8 17. Rdg1 d5 18. h5 dxe4 19. fxe4 Ng4 20. f4 Nf2
21. f5 Nxh1 22. Rxh1 Bc4 23. Qh6 f6 24. Bxc4+ Qxc4 25. fxg6 Rd7 26. gxh7+ Kh8
27. Qxf6+ Kxh7 28. Qf5+ Kh8 29. Qxd7 Rf8 30. Qd3 Qc5 31. Ne2 1-0

[Event "Ceske sachove vanoce 2013"]
[Site "Litomysl"]
[Date "2014.01.02"]
[Round "9.3"]
[White "Golubka, Petr"]
[Black "Cerveny, Martin"]
[Result "1-0"]
[WhiteElo "2385"]
[BlackElo "2334"]
[PlyCount "103"]
[EventDate "2014.??.??"]

1. e4 c5 2. Nf3 d6 3. Nc3 Nf6 4. d4 cxd4 5. Nxd4 a6 6. Be2 e5 7. Nb3 Be7 8. Bg5
Be6 9. Bxf6 Bxf6 10. Qd3 Nc6 11. O-O-O Be7 12. Kb1 O-O 13. Nd5 a5 14. Nxe7+
Qxe7 15. Qxd6 Qf6 16. Nc5 Rfd8 17. Qc7 Rdc8 18. Qd6 Qxf2 19. Nxe6 Qxe2 20. Rhe1
Qh5 21. Nc5 a4 22. g4 Qxh2 23. Rh1 Qf4 24. Rdf1 Qg5 25. Rxf7 Rd8 26. Qe6 Kh8
27. Rf5 Qh6 28. Rfh5 Qxe6 29. Nxe6 h6 30. Nxd8 Rxd8 31. g5 Rd4 32. gxh6 Rxe4
33. Rg5 g6 34. Rxg6 Ne7 35. Rg7 Nf5 36. Rxb7 Rf4 37. Rd1 Nxh6 38. a3 Nf7 39.
Rb4 e4 40. Rxa4 Kg7 41. Rb4 Kf6 42. a4 Ng5 43. Rb6+ Ke7 44. Rb3 Rf5 45. Rb7+
Ke6 46. Re1 Kd6 47. Rb6+ Kc7 48. Rb5 Rxb5 49. axb5 Kb6 50. Kc1 Kxb5 51. Re2 Kc4
52. Kd2 1-0

[Event "Ceske sachove vanoce 2013"]
[Site "Litomysl"]
[Date "2014.01.02"]
[Round "9.4"]
[White "Mishuchkov, Nikolai M"]
[Black "Kowalczyk, Pawel"]
[Result "1/2-1/2"]
[WhiteElo "2353"]
[BlackElo "2189"]
[PlyCount "103"]
[EventDate "2014.??.??"]

1. d4 Nf6 2. Nf3 g6 3. g3 Bg7 4. Bg2 O-O 5. O-O d6 6. a4 Na6 7. Re1 c5 8. d5 e6
9. dxe6 Bxe6 10. e4 h6 11. Nc3 Nb4 12. Bf4 d5 13. exd5 Bf5 14. Re2 Nbxd5 15.
Nxd5 Qxd5 16. Qxd5 Nxd5 17. Be5 Rfe8 18. Rae1 Nb4 19. Bxg7 Rxe2 20. Rxe2 Kxg7
21. Ne1 Rd8 22. Bxb7 Rd1 23. Kg2 Rb1 24. c3 Nd3 25. Nxd3 Bxd3 26. Re7 Rxb2 27.
Bd5 Kf6 28. Rxf7+ Ke5 29. c4 Kd4 30. Rxa7 Bxc4 31. Bxc4 Kxc4 32. Ra6 Kd5 33.
Rxg6 c4 34. Kf3 c3 35. Rg8 c2 36. Rc8 Kd4 37. Kg4 Rb4 38. Rxc2 Kd3+ 39. Kh5
Kxc2 40. Kxh6 Kd3 41. h4 Ke4 42. Kg6 Rxa4 43. h5 Ra6+ 44. Kg5 Ra5+ 45. Kg6 Ra6+
46. Kg5 Kf3 47. h6 Kxf2 48. h7 Ra8 49. Kg6 Kxg3 50. Kg7 Kg4 51. h8=Q Rxh8 52.
Kxh8 1/2-1/2

[Event "Ceske sachove vanoce 2013"]
[Site "Litomysl"]
[Date "2014.01.02"]
[Round "9.5"]
[White "Cap, Adam"]
[Black "Kulhanek, Tomas"]
[Result "0-1"]
[WhiteElo "2077"]
[BlackElo "2345"]
[PlyCount "80"]
[EventDate "2014.??.??"]

1. e4 d6 2. d4 Nf6 3. Nc3 g6 4. Bg5 Bg7 5. Qd2 h6 6. Bh4 O-O 7. O-O-O c6 8.
Bxf6 exf6 9. h4 f5 10. h5 g5 11. f4 fxe4 12. Nxe4 g4 13. Ng3 f5 14. d5 c5 15.
N1e2 b5 16. Kb1 b4 17. c4 bxc3 18. Nxc3 Na6 19. Bc4 Rb8 20. Rhe1 Nc7 21. Qd3
Kh8 22. Re2 Qf6 23. Kc1 Bd7 24. Rde1 Rfe8 25. Rxe8+ Nxe8 26. Re2 Nc7 27. Kd1 a6
28. Qe3 Nb5 29. Nxb5 axb5 30. Bd3 c4 31. Bb1 b4 32. Kc1 b3 33. Qe7 bxa2 34.
Bxa2 Qxe7 35. Rxe7 Bxb2+ 36. Kd2 c3+ 37. Kd3 Bb5+ 38. Bc4 Bxc4+ 39. Kxc4 c2 40.
Re8+ Rxe8 0-1

[Event "Ceske sachove vanoce 2013"]
[Site "Litomysl"]
[Date "2014.01.02"]
[Round "9.6"]
[White "Pulpan, Jakub"]
[Black "Gazik, Igor"]
[Result "1/2-1/2"]
[WhiteElo "2102"]
[BlackElo "2321"]
[PlyCount "56"]
[EventDate "2014.??.??"]

1. e4 Nf6 2. Nc3 e5 3. Nf3 Nc6 4. Bb5 Bb4 5. d3 d6 6. Bg5 h6 7. Bh4 Bd7 8. O-O
g5 9. Bg3 h5 10. h4 Bg4 11. Nd5 Nxd5 12. exd5 a6 13. Bxc6+ bxc6 14. c3 Ba5 15.
Qa4 Bxf3 16. gxf3 Rg8 17. Kh2 Qf6 18. hxg5 Qxf3 19. Qxa5 h4 20. Bxh4 Rh8 21.
Qa4 Rb8 22. Rae1 Rxb2 23. Qxc6+ Kf8 24. Re4 f5 25. Rc4 Rxf2+ 26. Rxf2 Qxf2+ 27.
Kh3 Qf3+ 28. Kh2 Qf2+ 1/2-1/2

[Event "Ceske sachove vanoce 2013"]
[Site "Litomysl"]
[Date "2014.01.02"]
[Round "9.8"]
[White "Novotny, Michal"]
[Black "Cip, Dalibor"]
[Result "1/2-1/2"]
[WhiteElo "2241"]
[BlackElo "2110"]
[PlyCount "140"]
[EventDate "2014.??.??"]

1. e4 c5 2. Nf3 d6 3. d4 cxd4 4. Nxd4 Nf6 5. Nc3 a6 6. Bg5 e6 7. Qe2 h6 8. Bh4
Be7 9. O-O-O Nxe4 10. Bxe7 Nxc3 11. Bxd8 Nxe2+ 12. Nxe2 Kxd8 13. Rxd6+ Ke7 14.
Rb6 Nd7 15. Rb4 Nf6 16. Nc3 Rd8 17. Be2 b5 18. Bf3 Ra7 19. a4 bxa4 20. Nxa4 a5
21. Rb3 Bd7 22. Nc5 Be8 23. Rb7+ Rxb7 24. Nxb7 Ra8 25. Nd6 Rb8 26. Nxe8 Nxe8
27. Rd1 Nd6 28. Rd4 f5 29. b3 Rb5 30. Rd3 Rc5 31. Kd2 Nb5 32. c3 Nd6 33. Kc2
Nf7 34. Rd4 Ne5 35. Be2 Nd7 36. b4 axb4 37. Rxb4 Re5 38. Kd2 Ra5 39. Rb2 Nc5
40. f3 e5 41. Bc4 Na4 42. Ra2 Nb6 43. Bg8 Rxa2+ 44. Bxa2 Kd6 45. Bb1 Nc4+ 46.
Ke2 f4 47. h4 Ne3 48. g4 Ng2 49. h5 Kc5 50. Kd3 Ne3 51. Ba2 Nd1 52. Bg8 Nf2+
53. Ke2 Nh1 54. Ba2 Ng3+ 55. Kd3 e4+ 56. fxe4 f3 57. Ke3 Nxe4 58. Kxf3 Nxc3 59.
Bb3 Kd6 60. Kf4 Ke7 61. Kf5 Kf8 62. Bc4 Nd1 63. Kf4 Ke7 64. Bb3 Nf2 65. Kf5 Kf8
66. Bc2 Nh3 67. Be4 Ng5 68. Bd5 Nh7 69. Kg6 Nf6 70. Be6 Ne4 1/2-1/2

[Event "Ceske sachove vanoce 2013"]
[Site "Litomysl"]
[Date "2014.01.02"]
[Round "9.9"]
[White "Balacek, Tadeas"]
[Black "Sabol, Marian"]
[Result "1/2-1/2"]
[WhiteElo "2210"]
[BlackElo "2308"]
[PlyCount "66"]
[EventDate "2014.??.??"]

1. d4 c5 2. d5 e5 3. e4 d6 4. Bb5+ Nd7 5. a4 Be7 6. Nf3 Ngf6 7. Nc3 O-O 8. O-O
Ne8 9. Ne1 Bg5 10. Nd3 Nc7 11. Bxd7 Bxd7 12. f4 exf4 13. Bxf4 Bxf4 14. Rxf4 c4
15. Ne1 a6 16. a5 Nb5 17. Qd2 Qc7 18. Nxb5 axb5 19. Nf3 f5 20. exf5 Rxf5 21.
Rxf5 Bxf5 22. Re1 Bg6 23. Qg5 Qxa5 24. h4 Rf8 25. c3 Qb6+ 26. Nd4 b4 27. h5
bxc3 28. bxc3 Qb2 29. Qg3 Bd3 30. Ne6 Rf7 31. Ng5 Rf8 32. Ne6 Rf7 33. Ng5 Rf8
1/2-1/2